[Event "ESP-ch U10 rapid"]
[Site "Salobrena"]
[Date "2024.07.06"]
[Round "2"]
[White "Perez Solanas, Hugo"]
[Black "Fedorov Kozlov, Andrei"]
[Result "1-0"]
[WhiteElo "1763"]
[BlackElo "1522"]
[PlyCount "115"]
[EventDate "2024.07.06"]
[EventType "swiss (rapid)"]
[EventRounds "9"]
[EventCountry "ESP"]
[SourceTitle "EXT 2025"]
[Source "ChessBase"]
[SourceDate "2024.10.14"]
[SourceVersion "1"]
[SourceVersionDate "2024.10.14"]
[SourceQuality "1"]

1. e4 g6 2. d4 d6 3. Nc3 Nf6 4. f3 Bg7 5. Be3 0-0 6. Qd2 Nbd7 7. 0-0-0 e5 8. h4 Nb6 9. dxe5 Nfd7 10. exd6 cxd6 11. Bd4 Ne5 12. Bxb6 Qxb6 13. Qxd6 Qe3+ 14. Qd2 Qxd2+ 15. Kxd2 Rd8+ 16. Ke1 Be6 17. Bd3 Nc4 18. Bxc4 Rxd1+ 19. Kxd1 Bxc4 20. Nge2 Rd8+ 21. Ke1 Bh6 22. f4 Re8 23. g3 Bg7 24. h5 Bxe2 25. Kxe2 Bxc3 26. bxc3 Rxe4+ 27. Kd3 Ra4 28. hxg6 fxg6 29. Rb1 b6 30. Rb2 Ra5 31. c4 Ra3+ 32. c3 Ra5 33. Kd4 Rc5 34. Rb5 Rc7 35. c5 Rd7+ 36. Kc4 bxc5 37. Rxc5 Kf7 38. g4 Re7 39. Re5 Rc7+ 40. Kd4 Rd7+ 41. Ke3 Kf6 42. g5+ Kf7 43. a4 Rc7 44. Kd3 Rd7+ 45. Kc2 Rc7 46. a5 Rc4 47. f5 gxf5 48. Rxf5+ Kg6 49. Rb5 Rc7 50. Kb3 a6 51. Rd5 Kg7 52. Rd6 Rb7+ 53. Kc4 Rb5 54. Rxa6 Rxg5 55. Ra7+ Kg6 56. a6 h5 57. Ra8 Rg4+ 58. Kb3 1-0